000 00444nam a2200121 a 4500
008 120416s9999 ||||||||||||||||| || u
050 _aTHESIS/STUDENT
100 _aShikaputo, Kennedy Chongo
245 1 0 _aBenefits of ISO certification to the Zambian companies
260 _a2004
350 _a0.00
995 _D0.00
_FCBU-MAIN LIBRARY (Kitwe)
_H1
_I0.00
_UAVAILABLE
_ZUniversity Collection
999 _c35731
_d35731